• 首页
  • 本馆介绍
  • 公告通知
  • 最新文献
  • 馆藏检索
  • 电子资源
  • 读者导购
  • 参考咨询
  • 我的图书馆
  • 登录
  • 详细信息显示
  • 放入我的书架
  • 预约/预借图书
  • 作者相关作品
  • 分类相关作品
  • 丛书相关作品
  • 出版社相关作品

书目信息

  • 表格格式
  • 工作单格式
  • 卡片格式
题名:
南史故事选
    
 
作者: 王增勇 编著
分册:  
出版信息: 北京   学苑出版社  1991.10
页数: 189页
开本: 19cm
丛书名: 二十五史故事丛编
单 册:
中图分类: K209 , I242
科图分类:
主题词: 历史故事--中国--现代--选集 , 历史故事 , 小说--中国
电子资源:
ISBN: 7-5077-0053-4
000 00794oam2 2200289 450
001 1559058702
005 20170926163844.10
010    @a7-5077-0053-4@dCNY3.20
100    @a19920528d1991 em y0chiy0110 ea
101 0  @achi
102    @aCN@b110000
105    @ay z 000yy
200 1  @a南史故事选@9nan shi gu shi xuan@f王增勇编著
210    @a北京@c学苑出版社@d1991.10
215    @a189页@d19cm
225 2  @a二十五史故事丛编@f张巨才,柳弓田主编
461  0 @12001 @a二十五史故事丛编
605    @a南史@x通俗读物
605    @2CT@3S900307@a南史
606 0  @a历史故事@y中国@z现代@x选集
606 0  @a历史故事
606 0  @a小说@x中国
690    @aK209@v三版
690    @aI242@v4
701  0 @a王增勇@9wang zeng yong@4编著
801  0 @aCN@bTSSF@c20150124
905    @aZUCC@dI242@eJY11
    
    南史故事选/王增勇编著.-北京:学苑出版社,1991.10
    189页;19cm.-(二十五史故事丛编/张巨才,柳弓田主编)
    
    
    ISBN 7-5077-0053-4:CNY3.20
    
●
相关链接 在E读中查询图书 在五车中查询图书 在当当中查询图书 在豆瓣中查询图书


正题名:南史故事选     索取号:I242/JY11         预约/预借

序号 登录号 条形码 馆藏地/架位号 状态 备注
1 7856770   278567702   学院路分馆/ [索取号:I242/JY11] 在馆    
2 7856771   278567711   学院路分馆/ [索取号:I242/JY11] 在馆    
唐山师范学院图书馆 欢迎您!
大连网信软件有限公司© 版权所有